000 00375nam a22001457a 4500
008 230703b xxu||||| |||| 00| 0 eng d
020 _a0582087147
082 _a352
_bCLA
100 _cMichael Clarke
245 _aChoices for Local Government for the 1990's and Beyond
260 _aUK
_blonghorn group
_c1991
300 _a77p
700 _cJohn Stewart
942 _2ddc
_cBK
999 _c3194
_d3194